Sexual harassment no more / (Record no. 3088)

MARC details
000 -LEADER
fixed length control field 00492mam a2200181 a 4500
001 - CONTROL NUMBER
control field 1378281
003 - CONTROL NUMBER IDENTIFIER
control field NG-AbAUS
005 - DATE AND TIME OF LATEST TRANSACTION
control field 20230307093424.0
008 - FIXED-LENGTH DATA ELEMENTS--GENERAL INFORMATION
fixed length control field 930810s1993 ilu b 000 0 eng
020 ## - INTERNATIONAL STANDARD BOOK NUMBER
International Standard Book Number 0830816313
040 ## - CATALOGING SOURCE
Original cataloging agency DLC
Transcribing agency DLC
Modifying agency PGC
082 00 - DEWEY DECIMAL CLASSIFICATION NUMBER
Classification number 305.42
Edition number 20
100 1# - MAIN ENTRY--PERSONAL NAME
Personal name Conway, Jim.
9 (RLIN) 374
245 10 - TITLE STATEMENT
Title Sexual harassment no more /
Statement of responsibility, etc Jim Conway, Sally Conway.
260 ## - PUBLICATION, DISTRIBUTION, ETC. (IMPRINT)
Place of publication, distribution, etc Downers Grove, Ill. :
Name of publisher, distributor, etc InterVarsity Press,
Date of publication, distribution, etc c1993.
300 ## - PHYSICAL DESCRIPTION
Extent 207 p. ;
Dimensions 21 cm.
942 ## - ADDED ENTRY ELEMENTS (KOHA)
Source of classification or shelving scheme Dewey Decimal Classification
Item type Book
Holdings
Withdrawn status Lost status Source of classification or shelving scheme Damaged status Not for loan Home library Current library Shelving location Date acquired Total Checkouts Full call number Barcode Date last seen Copy number Price effective from Koha item type
    Dewey Decimal Classification     Sid Ahmed Baba Library Sid Ahmed Baba Library Reference 09/09/2015   305.42 2092 09/09/2015 1 09/09/2015 Book